Îles les plus peuplées au monde - Statistiques

Statistiques générales
  • Ce quiz a été pris 117 fois
  • Le résultat moyen est 19 sur 50
Statistiques - réponses
Classement Population Pays Île % Correct
3 61 700 000 Royaume-Uni Grande-Bretagne
91%
1 145 000 000 Indonésie Java
86%
10 21 648 191 Haïti / République Dominicaine Hispaniola
83%
11 21 258 000 Brunei / Indonésie / Malaisie Bornéo
82%
20 6 378 000 - / Royaume-Uni Irlande
82%
23 5 048 553 Italie Sicile
81%
7 24 500 000 - Australie
80%
6 25 571 000 - Madagascar
78%
8 23 269 633 Chine Taïwan
76%
43 1 656 003 Italie Sardaigne
73%
2 103 655 978 Japon Honshū
72%
5 50 180 000 Indonésie Sumatra
71%
17 11 239 004 - Cuba
68%
12 21 203 000 - Sri Lanka
68%
22 5 377 435 Japon Hokkaidō
67%
26 4 225 384 Indonésie Bali
64%
29 3 596 200 Nouvelle-Zélande Île du Nord
53%
35 2 881 355 - Jamaïque
52%
15 12 970 479 Japon Kyūshū
51%
16 11 818 000 Indonésie / - Nouvelle-Guinée
51%
4 53 336 134 Philippines Luçon
49%
32 3 182 693 Indonésie / - Timor
45%
18 9 171 300 Chine Hainan
44%
13 18 455 058 Indonésie Célèbes
42%
30 3 411 307 États-Unis Porto Rico
36%
27 3 845 534 Japon Shikoku
34%
19 7 838 722 États-Unis Long Island
28%
44 1 643 734 États-Unis Manhattan
23%
9 21 902 000 Philippines Mindanao
23%
49 1 301 462 Japon Okinawa
22%
38 1 942 044 Canada Île de Montréal
20%
37 2 287 740 Danemark Seeland
18%
33 2 938 982 Philippines Cebu
16%
50 1 267 145 - Trinité
16%
31 3 311 044 Indonésie Lombok
15%
40 1 831 000 Indonésie Florès
9%
14 15 111 974 Inde Salsette
6%
25 4 414 131 Philippines Negros
5%
36 2 388 518 Philippines Leyte
4%
47 1 331 473 Philippines Mindoro
4%
24 4 477 247 Philippines Panay
4%
48 1 313 560 Philippines Bohol
2%
21 5 469 700 Singapour Pulau Ujong
2%
42 1 751 267 Philippines Samar
2%
46 1 391 340 Indonésie Sumbawa
1%
39 1 847 047 Chine Xiamen
1%
41 1 758 000 Bangladesh Bhola
0%
45 1 381 459 Brésil Île de São Luís
0%
28 3 630 000 Indonésie Madura
0%
34 2 890 000 Chine Zhongshan
0%
Aucun quiz correspondant
Distribution des résultats
% des personnes avec chaque résultat
Percentile par nombre de réponses
Votre historique - résultats
Vous n’avez pas pris ce quiz